Malá encyklopedie elektrotechniky : Polovodičové součástky a mikroelektronické struktury /

Guardado en:
Detalles Bibliográficos
Autores principales: Klímek, Adolf (Autor), Zíka, Josef (Autor)
Formato: Libro
Lenguaje:checo
Publicado: Praha : SNTL, 1989
Edición:2.vyd.
Colección:Malá encyklopedie elektrotechniky
Etiquetas: Agregar Etiqueta
Sin Etiquetas, Sea el primero en etiquetar este registro!

MARC

LEADER 00000nam a22000003a 4500
001 stu3533
005 20240913120821.7
008 930402s1989----cs------------------cze-d
040 |a STU  |b slo 
041 0 |a cze 
044 |a cs 
080 |a 621.382(03)  |7 stu_us_auth*stu7233 
100 1 |a Klímek, Adolf  |4 aut 
245 1 |a Malá encyklopedie elektrotechniky :  |b Polovodičové součástky a mikroelektronické struktury /  |c [aut.] Klímek,Adolf; Zíka,Josef 
250 |a 2.vyd. 
260 |a Praha :  |b SNTL,  |c 1989 
300 |a 455 s 
700 1 |a Zíka, Josef  |4 aut 
830 0 |a Malá encyklopedie elektrotechniky 
996 |b 284EK04447  |c E*68440  |l EE0101  |s P  |a 0  |w stu3533_0003 
996 |b E68445  |c E*68445  |l EE11  |s P  |a 0  |w stu3533_0005